Human resource management / (Record no. 820)

MARC details
000 -LEADER
fixed length control field 00725cam a2200229 4500
001 - CONTROL NUMBER
control field 1170
005 - DATE AND TIME OF LATEST TRANSACTION
control field 20181127162824.0
008 - FIXED-LENGTH DATA ELEMENTS--GENERAL INFORMATION
fixed length control field 070817s2008 njua b 001 0 eng
010 ## - LIBRARY OF CONGRESS CONTROL NUMBER
LC control number 2007034147
020 ## - INTERNATIONAL STANDARD BOOK NUMBER
International Standard Book Number 0131746170 (alk. paper)
International Standard Book Number 0138142734 (pbk.)
International Standard Book Number 9780131746176 (alk. paper)
International Standard Book Number 9780138142735 (pbk.)
100 1# - MAIN ENTRY--PERSONAL NAME
Personal name Dessler, Gary,
Dates associated with a name 1942-
245 10 - TITLE STATEMENT
Title Human resource management /
Statement of responsibility, etc. Gary Dessler.
250 ## - EDITION STATEMENT
Edition statement 11th ed.
260 ## - PUBLICATION, DISTRIBUTION, ETC.
Place of publication, distribution, etc. New Delhi :
Name of publisher, distributor, etc. Pearson,
Date of publication, distribution, etc. 2010.
300 ## - PHYSICAL DESCRIPTION
Extent xxviii, 801 p. :
Other physical details ill. (chiefly col.) ;
Dimensions 27 cm.
504 ## - BIBLIOGRAPHY, ETC. NOTE
Bibliography, etc. note Includes bibliographical references and indexes.
650 #0 - SUBJECT ADDED ENTRY--TOPICAL TERM
Topical term or geographic name entry element Personnel management.
700 ## - ADDED ENTRY--PERSONAL NAME
Personal name Varkkey, Biju.
Numeration
Titles and other words associated with a name
Dates associated with a name
Relator term
Form subheading
Language of a work
Medium of performance for music
Number of part/section of a work
Arranged statement for music
Name of part/section of a work
Fuller form of name
Key for music
Version
Title of a work
Holdings
Withdrawn status Lost status Source of classification or shelving scheme Damaged status Not for loan Collection code Home library Current library Shelving location Date acquired Serial Enumeration / chronology Inventory number Total Checkouts Total Renewals Full call number Barcode Date last seen Date last checked out Price effective from Koha item type
    Dewey Decimal Classification     Main TEST RTC Library RTC Library Main opac 17/03/2021 4317 2 2 658.3 DES 30002844 10/06/2021 29/04/2021 27/11/2018 Main
Royal Thimphu College || All Right Reserved